Central Library OPAC University of Rajshahi

The challenge of books today : (Record no. 685)

MARC details
000 -LEADER
fixed length control field 00909cam a22002291 4500
001 - CONTROL NUMBER
control field 685
003 - CONTROL NUMBER IDENTIFIER
rucl marc code BD-RjUL
005 - DATE AND TIME OF LATEST TRANSACTION
control field 20211208233222.0
008 - FIXED-LENGTH DATA ELEMENTS--GENERAL INFORMATION
fixed length control field 740813s1966 enkc 100 0 eng
035 ## - SYSTEM CONTROL NUMBER
System control number (BD-RjUL)
040 ## - CATALOGING SOURCE
Original cataloging agency DLC
Transcribing agency DLC
Modifying agency DLC
Language of cataloging eng
041 ## - LANGUAGE CODE
Language code of text/sound track or separate title eng
082 00 - DEWEY DECIMAL CLASSIFICATION NUMBER
Classification number 028.0942
Edition number 16
Author mark and year CHA 1966
110 2# - MAIN ENTRY--CORPORATE NAME
Corporate name or jurisdiction name as entry element Library Association.
Subordinate unit London and Home Counties Branch.
9 (RLIN) 2058
245 04 - TITLE STATEMENT
Title The challenge of books today :
Remainder of title papers read at the Week-end Conference of the London and Home Counties Branch of the Library Association, held at Worthing, 29th April-1st May, 1966, under the chairmanship of Edward Dudley /
Statement of responsibility, etc. edited by T. D. F. Barnard.
260 ## - PUBLICATION, DISTRIBUTION, ETC. (IMPRINT)
Place of publication, distribution, etc. London,
Name of publisher, distributor, etc. Library Association (London and Home Counties Branch),
Date of publication, distribution, etc. 1966.
300 ## - PHYSICAL DESCRIPTION
Pagination 98 p. :
Illustrations front. (port.) ;
Size 18 cm.
650 #0 - SUBJECT ADDED ENTRY--TOPICAL TERM
Topical term or geographic name as entry element Library science
General subdivision Congresses.
9 (RLIN) 1349
942 ## - ADDED ENTRY ELEMENTS (KOHA)
Source of classification or shelving scheme Dewey Decimal Classification
Koha item type Books
Holdings
Lost status Source of classification or shelving scheme Damaged status Not for loan Collection code Permanent Location Current Location Shelving location Date acquired Source of acquisition Cost, normal purchase price Total Checkouts Full call number Date last seen Copy number Koha item type
  Dewey Decimal Classification   Not For Loan Non-fiction Central Library, University of Rajshahi Central Library, University of Rajshahi Reading Room 26/12/1970 zeittinger 11.60   028.0942 CHA 1966 23/11/2013 C-1 Books